000
00313nam a2200121Ia 4500
008
190216s9999||||xx |||||||||||||| ||und||
100
_a
Myers O M
245
4
_a
The Coverley Papers From The Spectator
260
_b
Oxford At The Clarendon Press
_c
1956
300
_a
168p
650
_a
English General
942
_c
BK
999
_c
12257
_d
12257